=LDR 00000nam 2200000 4500 =001 000310 =005 20250710020620 =035 ##$$a 0010-0725000163 =007 ta =008 250710################a##########0#ind## =020 ##$$a 978-602-437-775-5 =082 ##$$a 398.209 598 =084 ##$$a 398.209 598 LUT t =100 #$$a Lutfia Khoirunisa =245 1#$$a Tetangga Baru Beki /$c Lutfia Khoirunisa =250 ##$$a Cetakan Ketiga =260 ##$$a Jakarta Timur :$b Badan Pengembangan dan Pembinaan Bahasa,$c 2019 =300 ##$$a 20 hlm : $b ilus. ; $c 29,7 cm =650 #4$$a Kesusastraan Anak =600 #4$$a Dongeng Indonesia =856 ##$$a TBM AS SUHADA =990 ##$$a TBM00080008